01958cam a22003617i 450000100090000000300090000900500170001800800410003502000260007603500240010203500210012604000430014708200200019010000390021024503490024925000200059825000230061826400580064130000460069933600260074533700280077133800270079950400490082650503750087565000370125065000420128765300140132965500170134370000620136094200120142299900170143495201450145114882823EG-ScBUE20260311100456.0070607r20092007enka f b 001 0 eng d a9780470516348 (cloth) a(OCoLC)ocn144330936 a(OCoLC)144330936 aEG-ScBUEbengerdacEG-ScBUEdEG-ScBUE04a572.36bWAT2221 aWatson, J. Throck,923035eauthor.10aIntroduction to mass spectrometry :binstrumentation, applications and strategies for data interpretation /cJ. Throck Watson, Professor of Biochemistry and of Chemistry Michigan State University, East Lansing, Michigan, O. David Sparkman, Adjunct Professor of Chemistry, College of the Pacific, University of the Pacific, Stockton, California. aFourth edition. aReprinted edition. 1aChichester, England :bJohn Wiley & Sons, Ltd,c2009. axxiv, 819 pages :billustrations ;c26 cm 2rdacontentatextbtxt aunmediated2rdamediabn avolumebnc2rdacarrier aIncludes bibliographic references and index.0 aIntroduction -- The mass spectrometer -- Mass spectrometry/mass spectrometry -- Inlet systems -- Strategies for data interpretation (other than fragmentation) -- Electron ionization -- Chemical ionization -- Electrospray ionization -- MALDI -- Gas chromatography/mass spectrometry -- Liquid chromatography/mass spectrometry -- Analysis of proteins and other biopolymers. 7aMass spectrometry.9230362BUEsh 7aBiomoleculesxAnalysis.9230372BUEsh cApril2011 vReading book1 aSparkman, O. Davidq(Orrin David),d1942-923038eauthor. 2ddccBB c15107d15107 00102ddc40708BaccahaMAINbMAINc1STd2011-04-14epurchaseg536.00h11997l0o572.36 WATp000023229r2026-04-05 00:00:00w2011-04-14yBB